000 00905nam a2200217Ia 4500
999 _c39056
_d39056
001 5587
003 GE_BSU
005 20190529154535.0
008 181216s1984||||ge |||||||||||||| ||geo||
040 _cGE_BSU
041 _ageo
080 _a661.1 ს-29
100 _aსარუხანიშვილი, ა.
_91803
245 _aმინის მიღების თეორიული საფუძვლები /
_cა. სარუხანიშვილი ; რედ. გ. ცინცაძე.
264 _aთბილისი :
_bუნ-ის გამ-ბა,
_c1984.
300 _a144 გვ. ;
_c20 სმ.
504 _aბიბლიოგრ. : გვ.137.
653 _aმინის მიღების თეორიული საფუძვლები
700 _aცინცაძე, გ.
_eრედაქტორი
_91759
942 _cBK
_2udc